000 01107cam a2200133 4500500
005 20251214002024.0
041 _afre
042 _adc
100 1 0 _aClaval, Paul
_eauthor
245 0 0 _aGéo-épistémologie
260 _bArmand Colin,
_c2017.
520 _aLes géographes se sont longtemps considérés comme des artisans  : ils apprenaient un métier à base de cartes, de terrain et d’enquêtes et s’interrogeaient peu sur les fondements de leur discipline. La situation a profondément changé et les travaux sur l’histoire de la discipline et sur ses bases épistémologiques se sont multipliés, motivés notamment par l’impact sur la recherche de nouvelles technologies (télédétection, télématique, statistique spatiale). Cet ouvrage vient retracer l’évolution des rapports entre épistémologie et géographie et les débats auxquels ils ont donné lieu depuis une génération, afin de faire comprendre les enjeux de la géographie qui s’écrit aujourd’hui.
856 4 1 _uhttps://shs.cairn.info/geo-epistemologie--9782200616311?lang=fr&redirect-ssocas=7080
999 _c1566692
_d1566692